00679nam a2200181 a 4500008004100000020001500041050001800056100002600074245003300100246002100133260004400154350000900198650002700207650001600234995009600250999001700346952013400363120416s2001 ||||||||||||||||| || u a0435451448 aHC 79.I55 Wil aWilliam, Marie Claire10aUsing information technology astudent handbook aOxfordbHeinemann and Butterworthc2001 a0.00 aINFORMATION TECHNOLOGY aINFORMATION D0.00FCBU-MAIN LIBRARY (Kitwe)H1I11.99M1UAVAILABLEZMain Library Open Access Collection c61159d61159 00102lcc4070a001b001cMain Library Open Access Collectiond2022-11-30l0oHC 79.I55 Wilp045338r2022-11-30w2022-11-30y002